Statistiken für Moderator/innen des ZDF-Sportstudios

Klicken Sie hier um das Quiz zu spielen!

Allgemein

  • Dieses Quiz wurde 79 mal gespielt
  • Das Durchschnittsergebnis liegt bei 6 aus 28

Antwortstatistiken

JahreSendungenModerator/in% Korrekt
ab 2006aktivKatrin Müller-Hohenstein
79%
1988-199792Günther Jauch
65%
ab 2013aktivJochen Breyer
46%
ab 2018aktivDunja Hayali
42%
1994-2011230Wolf-Dieter Poschmann
41%
1999-200676Rudi Cerne
39%
ab 2011aktivSven Voss
39%
1967-2000375Dieter Kürten
38%
1992-2013324Michael Steinbrecher
37%
1963-1988283Harry Valérien
31%
1997-2006
51Johannes B. Kerner
28%
1992-199413Norbert König
28%
1963-1970116Wim Thoelke
25%
1973-197414Carmen Thomas
14%
1980-1993142Bernd Heller
10%
1981-1992128Karl Senne
10%
1964-197372Werner Schneider
10%
1971-1981101Hanns Joachim Friedrichs
8%
1993-199525Christine Reinhart
7%
1984-199055Doris Papperitz
7%
1964-196826Gerd Krämer
6%
1963-196975Rainer Günzler
6%
1963-198130Helmuth Bendt
4%
1980-19816Sissy de Mas
4%
1972-197416Arnim Basche
3%
1981-19824Bruno Moravetz
3%
1963-19645Heribert Meisel
3%
1980-19816Joan Haanappel
3%

Verteilung der Resultate

Perzentil nach korrekt beantworteten Fragen

Anzahl Personen mit jedem Resultat

Ihre Resultats-Entwicklung

Sie haben dieses Quiz noch nicht gespielt